La cristología contemporánea / (Record n. 1863)
[ formato base ]
| 000 -LEADER | |
|---|---|
| fixed length control field | 01101nam a2200277 i 4500 |
| 003 - CONTROL NUMBER IDENTIFIER | |
| control field | IT-RoINE |
| 005 - DATE AND TIME OF LATEST TRANSACTION | |
| control field | 20190502110136.0 |
| 008 - FIXED-LENGTH DATA ELEMENTS--GENERAL INFORMATION | |
| fixed length control field | 950424s1992 it r 100 0 ita d |
| 020 ## - INTERNATIONAL STANDARD BOOK NUMBER | |
| International Standard Book Number | 8825000871 |
| 040 ## - CATALOGING SOURCE | |
| Original cataloging agency | UPCO |
| Transcribing agency | IT-RoINE |
| 111 2# - MAIN ENTRY--MEETING NAME | |
| Meeting name or jurisdiction name as entry element | Corso di aggiornamento per i docenti di teologia dogmatica |
| Number of part/section/meeting | (1º. |
| Date of meeting | 1991. |
| Location of meeting | Roma, Italia) |
| 9 (RLIN) | 56648 |
| 245 13 - TITLE STATEMENT | |
| Title | La cristología contemporánea / |
| Statement of responsibility, etc | a cura di Giovanni Iammarrone. |
| 260 ## - PUBLICATION, DISTRIBUTION, ETC. (IMPRINT) | |
| Place of publication, distribution, etc | Padova : |
| Name of publisher, distributor, etc | Messaggero di S. Antonio, |
| Date of publication, distribution, etc | 1992. |
| 300 ## - PHYSICAL DESCRIPTION | |
| Extent | 441 p. ; |
| Dimensions | 21 cm. |
| 336 ## - CONTENT TYPE | |
| Source | rdacontent |
| Content type term | text |
| 337 ## - MEDIA TYPE | |
| Source | rdamedia |
| Media type term | unmediated |
| 338 ## - CARRIER TYPE | |
| Source | rdacarrier |
| Carrier type term | volume |
| 490 0# - SERIES STATEMENT | |
| Series statement | Studi religiosi ; |
| Volume number/sequential designation | 13 |
| 500 ## - GENERAL NOTE | |
| General note | Recoge las ponencias del 1º Corso di aggiornamento per i docenti di teologia dogmatica realizado en Roma 2-5 enero 1991. |
| 500 ## - GENERAL NOTE | |
| General note | Precede al tít.: Associazione Teologica Italiana |
| 650 #4 - SUBJECT ADDED ENTRY--TOPICAL TERM | |
| 9 (RLIN) | 4231 |
| Topical term or geographic name as entry element | Cristología |
| Form subdivision | Congresos |
| 700 1# - ADDED ENTRY--PERSONAL NAME | |
| Personal name | Iammarrone, Giovanni, |
| Dates associated with a name | 1941-2011 |
| 9 (RLIN) | 3661 |
| 710 2# - ADDED ENTRY--CORPORATE NAME | |
| 9 (RLIN) | 34832 |
| Corporate name or jurisdiction name as entry element | Associazione teologica italiana (Roma, italia) |
| 830 #0 - SERIES ADDED ENTRY--UNIFORM TITLE | |
| 9 (RLIN) | 56643 |
| Uniform title | Studi religiosi (Messaggero) ; |
| Volume number/sequential designation | 13 |
| 942 ## - ADDED ENTRY ELEMENTS (KOHA) | |
| Item type | Monografías |
| Withdrawn status | Lost status | Damaged status | Not for loan | Home library | Current library | Date acquired | Total Checkouts | Full call number | Barcode | Date last seen | Price effective from | Koha item type |
|---|---|---|---|---|---|---|---|---|---|---|---|---|
| Iglesia Nacional Española en Roma | Iglesia Nacional Española en Roma | 03/02/2014 | TEO 415 | 2145 | 03/02/2014 | 03/02/2014 | Monografías | |||||
| Iglesia Nacional Española en Roma | Iglesia Nacional Española en Roma | 30/01/2019 | NOVALÍN 1529 | NOV-1635 | 30/01/2019 | 30/01/2019 | Monografías |